Identity construction and tourism consumption : (Record no. 191231)
[ view plain ]
| 000 -LEADER | |
|---|---|
| fixed length control field | 01632nam a22003977i 4500 |
| 001 - CONTROL NUMBER | |
| control field | on1350382107 |
| 003 - CONTROL NUMBER IDENTIFIER | |
| control field | OCoLC |
| 005 - DATE AND TIME OF LATEST TRANSACTION | |
| control field | 20240805021312.0 |
| 006 - FIXED-LENGTH DATA ELEMENTS--ADDITIONAL MATERIAL CHARACTERISTICS | |
| fixed length control field | m d |
| 007 - PHYSICAL DESCRIPTION FIXED FIELD--GENERAL INFORMATION | |
| fixed length control field | cr cnu---unuuu |
| 008 - FIXED-LENGTH DATA ELEMENTS--GENERAL INFORMATION | |
| fixed length control field | 221107s2022 si a o 000 0 eng d |
| 040 ## - CATALOGING SOURCE | |
| Original cataloging agency | N |
| -- | |
| Language of cataloging | eng |
| Description conventions | rda |
| -- | pn |
| Transcribing agency | N |
| -- | |
| 020 ## - INTERNATIONAL STANDARD BOOK NUMBER | |
| International Standard Book Number | 9789811964022 |
| Qualifying information | (electronic bk.) |
| 020 ## - INTERNATIONAL STANDARD BOOK NUMBER | |
| International Standard Book Number | 9811964025 |
| Qualifying information | (electronic bk.) |
| 020 ## - INTERNATIONAL STANDARD BOOK NUMBER | |
| Canceled/invalid ISBN | 9789811964015 |
| 020 ## - INTERNATIONAL STANDARD BOOK NUMBER | |
| Canceled/invalid ISBN | 9811964017 |
| 035 ## - SYSTEM CONTROL NUMBER | |
| System control number | 3427690 |
| -- | (N |
| -- | ) |
| 035 ## - SYSTEM CONTROL NUMBER | |
| System control number | (OCoLC)1350382107 |
| 082 04 - DEWEY DECIMAL CLASSIFICATION NUMBER | |
| Classification number | 338.4791 |
| Edition number | 23 |
| 049 ## - LOCAL HOLDINGS (OCLC) | |
| Holding library | MAIN |
| 100 1# - MAIN ENTRY--PERSONAL NAME | |
| Personal name | Arslan, Erdal, |
| Relator term | author. |
| 245 10 - TITLE STATEMENT | |
| Title | Identity construction and tourism consumption : |
| Remainder of title | a grounded theory approach / |
| Statement of responsibility, etc. | Erdal Arslan, Inci Oya Coskun. |
| 264 #1 - PRODUCTION, PUBLICATION, DISTRIBUTION, MANUFACTURE, AND COPYRIGHT NOTICE | |
| Place of production, publication, distribution, manufacture | Singapore : |
| Name of producer, publisher, distributor, manufacturer | Springer Nature Singapore, |
| Date of production, publication, distribution, manufacture, or copyright notice | 2022. |
| 300 ## - PHYSICAL DESCRIPTION | |
| Extent | 1 online resource (1 volume) : |
| Other physical details | illustrations (black and white, and colour). |
| 336 ## - CONTENT TYPE | |
| Content type term | text |
| Source | rdacontent |
| 337 ## - MEDIA TYPE | |
| Media type term | computer |
| Source | rdamedia |
| 338 ## - CARRIER TYPE | |
| Carrier type term | online resource |
| Source | rdacarrier |
| 588 0# - SOURCE OF DESCRIPTION NOTE | |
| Source of description note | Print version record. |
| 650 #0 - SUBJECT ADDED ENTRY--TOPICAL TERM | |
| Topical term or geographic name entry element | Tourism |
| General subdivision | Psychological aspects. |
| 650 #0 - SUBJECT ADDED ENTRY--TOPICAL TERM | |
| Topical term or geographic name entry element | Identity (Psychology) |
| 650 #0 - SUBJECT ADDED ENTRY--TOPICAL TERM | |
| Topical term or geographic name entry element | Motivation research (Marketing) |
| 655 #4 - INDEX TERM--GENRE/FORM | |
| Genre/form data or focus term | Electronic books. |
| 700 1# - ADDED ENTRY--PERSONAL NAME | |
| Personal name | Coşkun, İnci Oya, |
| Relator term | author. |
| 9 (RLIN) | 53997 |
| 776 08 - ADDITIONAL PHYSICAL FORM ENTRY | |
| Relationship information | Print version: |
| Main entry heading | Arslan, Erdal. |
| Title | Identity construction and tourism consumption. |
| Place, publisher, and date of publication | Singapore : Springer Nature Singapore, 2022 |
| International Standard Book Number | 9789811964015 |
| Record control number | (OCoLC)1346950341 |
| 856 40 - ELECTRONIC LOCATION AND ACCESS | |
| Uniform Resource Identifier | https://ezproxy.taylors.edu.my/login?url=https://search.ebscohost.com/login.aspx?direct=true&scope=site&db=nlebk&db=nlabk&AN=3427690 |
| Public note | An electronic book accessible through the World Wide Web; click to view |
| Withdrawn status | Lost status | Source of classification or shelving scheme | Damaged status | Not for loan | Home library | Current library | Date acquired | Source of acquisition | Cost, normal purchase price | Total Checkouts | Date last seen | Cost, replacement price | Price effective from | Koha item type | Public note |
|---|---|---|---|---|---|---|---|---|---|---|---|---|---|---|---|
| Dewey Decimal Classification | e-book | Taylor's Library-TU | Taylor's Library - Perpetual(TU) | 06/09/2024 | 125 | 890.10 | 06/09/2024 | 890.10 | 06/09/2024 | Main Collection | SHTEx,94604,03,RM,PPT |